Alfa & Omega. Falešná hra /
Pokračování dívčího románu, v němž šťouravá novinářka odhalila nemorální chování několika hvězd školního fotbalového týmu, a tím přišla o svou lásku. Dokáže to nějak napravit?
Uloženo v:
| Série: | Alfa & Omega,
část 2 |
|---|---|
| Hlavní autor: | |
| Médium: | E-kniha |
| Jazyk: | Czech |
| Vydáno: |
Praha :
Dobrovský s.r.o.,
2024
|
| Edice: | Red
|
| Témata: | |
| Příbuzné jednotky: | Z cyklu::
Alfa & Omega |
| Tagy: |
Žádné tagy |
| LEADER | 02634nam a2200493 i 4500 | ||
|---|---|---|---|
| 001 | 312597 | ||
| 003 | CZ PrSKC | ||
| 005 | 20260601215725.0 | ||
| 007 | ta | ||
| 008 | 241206s2024 xr e 000 f cze | ||
| 015 | |a cnb003653797 | ||
| 020 | |a 9788027742554 |q (brožováno) : |c Kč 399,00 | ||
| 035 | |a (OCoLC)1505963943 | ||
| 040 | |a ABG001 |b cze |e rda | ||
| 072 | 7 | |a 821.162.3-3 |x Česká próza |2 Konspekt | |
| 080 | |a 821.162.3-31 |2 MRF | ||
| 080 | |a (0:82-993) |2 MRF | ||
| 080 | |a (0:82-312.5) |2 MRF | ||
| 100 | 1 | |a Puffrová, Tess M. |7 jo20201080954 |4 aut | |
| 245 | 1 | 0 | |a Alfa & Omega. |p Falešná hra / |c Tess M. Puffrová |
| 246 | 3 | |a Alfa a Omega | |
| 246 | 3 | 0 | |a Falešná hra |
| 264 | 1 | |a Praha : |b Dobrovský s.r.o., |c 2024 | |
| 300 | |a 345 stran ; |c 20 cm | ||
| 336 | |a text |b txt |2 rdacontent | ||
| 337 | |a bez média |b n |2 rdamedia | ||
| 338 | |a svazek |b nc |2 rdacarrier | ||
| 490 | 1 | |a Red | |
| 500 | |a Obsahuje QR kód s přístupem k audionahrávkám | ||
| 520 | 2 | |a Pokračování dívčího románu, v němž šťouravá novinářka odhalila nemorální chování několika hvězd školního fotbalového týmu, a tím přišla o svou lásku. Dokáže to nějak napravit? |b Pro Dylana byl fotbal celým jeho životem. Pro Lanu zase bylo vším studium sportovní žurnalistiky. Pak se spolu ale ti dva zapletli a ... přišla zrada. V článku podepsaném Lanou bylo odhaleno všechno špatné, co kdy Dylan udělal - a také pár dalších fotbalových hvězd a členů bratrstva Alfa Omega Mí. S láskou a důvěrou je konec, a také to pro Lanu znamená odchod z univerzity. Vrací se domů na rodinnou farmu v Missouri. Jediný, kdo by ji mohl dostat zpět na školu, je Dylan. Ten už ale s Lanou nechce nic mít - i když na ní nedokáže přestat myslet. | |
| 546 | |a Český text | ||
| 655 | 7 | |a české romány |7 fd133974 |2 czenas | |
| 655 | 7 | |a erotické romány |7 fd132211 |2 czenas | |
| 655 | 7 | |a milostné romány |7 fd132840 |2 czenas | |
| 655 | 9 | |a Czech fiction |2 eczenas | |
| 655 | 9 | |a erotic novels |2 eczenas | |
| 655 | 9 | |a love novels |2 eczenas | |
| 787 | 0 | 8 | |i Z cyklu: |t Alfa & Omega |g 2 |
| 830 | 0 | |a Red | |
| 900 | |a ABA001 |b 20 | ||
| 044 | |a xr | ||
| 910 | |a RBIT002 | ||
| 998 | |d 416548 |a https://core.palmknihy.cz/api/books/416548/cover?sodyey |b https://core.palmknihy.cz/api/books/416548/cover/400?sodyey |c https://core.palmknihy.cz/api/books/416548/cover/50?sodyey |e 2034-11-27 |g 352 |i 9788027742554 |j https://core.palmknihy.cz/api/books/416548/preview.epub |k https://core.palmknihy.cz/api/books/416548/preview.pdf |l |q 49 |r 1 |s https://www.palmknihy.cz/kniha/416548 |t ebook |y 2024 |z 0 |v Alfa & Omega |w 2 | ||
| 999 | |d 312595 | ||